Statistics for Uruguay Country Quiz

Click here to take the quiz!

General Stats

  • This quiz has been taken 24,993 times
    (24,483 since last reset)
  • The average score is 12 of 16

Answer Stats

ClueAnswer% Correct
Countries which border UruguayBrazil
99%
Official languageSpanish
99%
Countries which border UruguayArgentina
98%
Capital cityMontevideo
93%
CurrencyPeso
91%
Event won by Uruguay in 1930 and 1950FIFA World Cup
89%
Item on the flag{Sun} of May
88%
In 2013, Uruguay became the first country to fully legalize thisCannabis
81%
Uruguay has 3.42 of these animals for every person, the highest ratio in the worldCows
72%
Estuary formed where that river meets the ParanáRio de la {Plata}
72%
Traditional dance that evolved in the region of the aboveTango
62%
Footballer who has famously bitten multiple opponentsLuis Suárez
59%
From 1860–1914, more than 200,000 immigrants arrived from this countryItaly
52%
Uruguay lies within this fertile grassland regionThe {Pampas}
48%
National mottoLibertad o {Muerte}
40%
River that forms Uruguay's western borderUruguay River
32%

Score Distribution

Percentile by Number Answered

Percent of People with Each Score

Your Score History

You have not taken this quiz since the last reset